Представление документа в формате RUSMARC

ПолеНазваниеЗначение
  Тип записи a
  Библиографический уровень m
001 Контрольный номер RU/IS/BASE/354644132
005 Дата корректировки 20201206204450.5
010 Индекс ISBN __
a ISBN 5-93642-018-3 (в пер.)
d Цена 311-20
100 Данные общей обработки __
a Данные общей обработки 19051202d2006 |||y0rusy0189 ca
101 Язык документа __
a Язык текста rus
c Язык оригинала rus
102 Страна публикации __
a Страна публикации ru
105 Кодированные данные (монография) __
a Кодированные данные (монография) a |||||||zy
200 Заглавие и сведения об ответственности 1_
a Заглавие Современный загородный дом
e Сведения, относящиеся к заглавию энциклопедия строительства
f Первые сведения об ответственности [Самойлов В. С.]
b Общее обозначение материала Текст
210 Выходные данные __
a Место издания М.
c Издательство Аделант
d Дата издания 2006
215 Физическое описание __
a Объем 382, [1] с., [24] л. цв. ил.
c Иллюстрации/тип воспроизводства ил., табл.
300 Общие примечания __
a Общие примечания На тит. л. авт. не указ.
330 Аннотация __
a Аннотация Обобщение опыта и систематизирование существующей практики домостроительной работы. О последних достижениях в области строительных технологий и применяемых материалов. Имеются типовые проекты, которые можно рассматривать как возможные варианты при проектировании загородного дома.
606 Тематические рубрики __
a Основная рубрика Строительство
606 Тематические рубрики __
a Основная рубрика Жилищное строительство
610 Ключевые слова __
a Ключевые слова загородные дома; строительство домов; строительные материалы; земляные работы; фундаменты; полы; стены; крыши; кровли; перекрытия; двери; дверные конструкции; дверные проемы; окна; стекольные работы; инженерные коммуникации; газоснабжение; водоснабжение; канализация; отопление; водяное отопление; теплогенераторы; печи; теплоизоляция; теплоизоляционные материалы; гидроизоляция; гидроизоляционные материалы; электрооборудование; мансарды; террасы; веранды; балконы; крыльцо; лестницы; вентиляция; наружная отделка; отделка помещений; отделка полов; отделка потолков; отделка стен; отделка фасадов; облицовка; облицовочные материалы; облицовочные работы; облицовочные камни
686 Индексы других классификаций __
a Классификационный индекс 38.711я2
700 Автор _1
a Фамилия Самойлов
b Имя В. С.
4 Код отношения 070
801 Источник записи _0
a Страна ru
b Организация Муниципальное бюджетное учреждение культуры "Централизованная библиотечная система" г. Сургут (Центральная городская библиотека им. А. С. Пушкина)
c Дата составления 20051202
g Правила каталогизации КиК/Поспелова
801 Источник записи _1
a Страна ru
b Организация Муниципальное бюджетное учреждение культуры "Централизованная библиотечная система" г. Сургут (Центральная городская библиотека им. А. С. Пушкина)
c Дата составления 20051202
g Правила каталогизации КиК/Поспелова
852 Данные о местонахождении __
j Шифр хранения 38.711я2
c Каталожный индекс 38.711я2
i Авторский знак С 17
901 Тип документа __
t Тип документа m
903 Характеристики (МАРС) __
a Дата передачи 20070206
990 Данные о заказе (DOS) __
j Количество экземпляров (DOS) 4
t N записи в КСУ для И/У (DOS) 200702